[Event "TICF 2024"]
[Site "Famalicao"]
[Date "2024.07.27"]
[Round "8.1"]
[White "Antonio, Pereira Santos"]
[Black "Vladislav, Larkin"]
[Result "1/2-1/2"]
[BlackElo "2436"]
[WhiteElo "2158"]
[LiveChessVersion "1.4.8"]

1. d4 {[%clk 1:30:52]} Nc6 {[%clk 1:30:39]} 2. Nf3 {[%clk 1:31:09]} d6
{[%clk 1:31:01]} 3. d5 {[%clk 1:31:22]} Nb8 {[%clk 1:31:11]} 4. c4
{[%clk 1:31:21]} Nf6 {[%clk 1:31:27]} 5. Nc3 {[%clk 1:31:41]} g6 {[%clk 1:31:50]}
6. e4 {[%clk 1:31:27]} Bg7 {[%clk 1:32:08]} 7. h3 {[%clk 1:31:47]} O-O
{[%clk 1:32:29]} 8. Bd3 {[%clk 1:31:59]} c6 {[%clk 1:31:44]} 9. O-O
{[%clk 1:32:19]} Nfd7 {[%clk 1:32:06]} 10. Be3 {[%clk 1:29:59]} Na6
{[%clk 1:28:33]} 11. Qd2 {[%clk 1:24:25]} Nac5 {[%clk 1:17:44]} 12. Bc2
{[%clk 1:22:35]} a5 {[%clk 1:13:28]} 13. Rfe1 {[%clk 1:10:04]} Re8
{[%clk 0:48:46]} 14. Rad1 {[%clk 0:56:39]} Qc7 {[%clk 0:48:54]} 15. b3
{[%clk 0:29:57]} Na6 {[%clk 0:43:54]} 16. Nd4 {[%clk 0:25:57]} Ndc5
{[%clk 0:29:27]} 17. f4 {[%clk 0:16:10]} a4 {[%clk 0:29:42]} 18. Bf2
{[%clk 0:12:04]} Bh6 {[%clk 0:27:11]} 19. Be3 {[%clk 0:08:28]} axb3
{[%clk 0:26:28]} 20. axb3 {[%clk 0:08:56]} Bg7 {[%clk 0:26:25]} 21. Ra1
{[%clk 0:08:05]} Bd7 {[%clk 0:26:06]} 22. Nf3 {[%clk 0:05:22]} e5
{[%clk 0:24:03]} 23. dxe6 {[%clk 0:02:43]} Nxe6 {[%clk 0:24:06]} 24. Rad1
{[%clk 0:02:37]} Qa5 {[%clk 0:21:02]} 25. Na4 {[%clk 0:02:41]} Qxd2
{[%clk 0:20:37]} 26. Bxd2 {[%clk 0:03:09]} Nac5 {[%clk 0:20:15]} 27. Nxc5
{[%clk 0:03:06]} dxc5 {[%clk 0:19:27]} 28. e5 {[%clk 0:03:24]} Ra2
{[%clk 0:19:48]} 29. Be4 {[%clk 0:02:51]} Bc8 {[%clk 0:18:22]} 30. Be3
{[%clk 0:02:49]} Bh6 {[%clk 0:17:25]} 31. g3 {[%clk 0:03:08]} Nd4
{[%clk 0:17:35]} 32. Nxd4 {[%clk 0:03:07]} cxd4 {[%clk 0:18:03]} 33. Rxd4
{[%clk 0:03:15]} Bxh3 {[%clk 0:18:22]} 34. Red1 {[%clk 0:02:45]} Bf8
{[%clk 0:18:02]} 35. R4d2 {[%clk 0:02:41]} Rxd2 {[%clk 0:12:59]} 36. Rxd2
{[%clk 0:03:08]} f6 {[%clk 0:13:25]} 37. Kh2 {[%clk 0:02:16]} Bg4
{[%clk 0:12:37]} 38. Bd4 {[%clk 0:02:00]} fxe5 {[%clk 0:09:17]} 39. Bxe5
{[%clk 0:02:27]} Bg7 {[%clk 0:09:44]} 40. Bxg7 {[%clk 0:02:18]} Kxg7
{[%clk 0:10:06]} 41. Bg2 {[%clk 0:01:52]} Re3 {[%clk 0:09:47]} 42. Bh3
{[%clk 0:00:55]} h5 {[%clk 0:00:38]} 43. Bxg4 {[%clk 0:01:09]} hxg4
{[%clk 0:01:05]} 44. Rd7+ {[%clk 0:01:24]} Kf6 {[%clk 0:01:33]} 45. Rxb7
{[%clk 0:01:45]} Rc3 {[%clk 0:01:57]} 46. Kg2 {[%clk 0:01:29]} Rc2+
{[%clk 0:02:24]} 47. Kf1 {[%clk 0:01:44]} Kf5 {[%clk 0:02:32]} 48. Re7
{[%clk 0:02:03]} Rc3 {[%clk 0:02:50]} 49. Re5+ {[%clk 0:02:11]} Kf6
{[%clk 0:03:15]} 50. Kf2 {[%clk 0:02:32]} Rf3+ {[%clk 0:03:32]} 51. Kg2
{[%clk 0:03:00]} Rxb3 {[%clk 0:03:54]} 52. Rg5 {[%clk 0:02:49]} Rb2+
{[%clk 0:04:18]} 53. Kf1 {[%clk 0:03:05]} Rb4 {[%clk 0:04:06]} 54. Rc5
{[%clk 0:03:01]} Rb2 {[%clk 0:03:19]} 55. Rg5 {[%clk 0:02:46]} Rb4
{[%clk 0:03:42]} 56. Rc5 {[%clk 0:03:14]} Rb2 {[%clk 0:04:06]} 57. Rg5 1/2-1/2

[Event "TICF 2024"]
[Site "Famalicao"]
[Date "2024.07.27"]
[Round "8.2"]
[White "Lelys, Martinez Duany"]
[Black "Fier, Alexandr"]
[Result "1/2-1/2"]
[BlackElo "2587"]
[WhiteElo "2448"]
[LiveChessVersion "1.4.8"]

1. e4 {[%clk 1:30:55]} c5 {[%clk 1:30:55]} 2. Nf3 {[%clk 1:31:08]} d6
{[%clk 1:31:21]} 3. c3 {[%clk 1:31:05]} Nf6 {[%clk 1:31:47]} 4. h3
{[%clk 1:31:29]} Nc6 {[%clk 1:32:13]} 5. d3 {[%clk 1:31:10]} g6 {[%clk 1:32:21]}
6. g3 {[%clk 1:30:50]} Bg7 {[%clk 1:32:46]} 7. Bg2 {[%clk 1:31:15]} O-O
{[%clk 1:33:12]} 8. O-O {[%clk 1:31:32]} a6 {[%clk 1:25:20]} 9. Be3
{[%clk 1:28:47]} b5 {[%clk 1:24:19]} 10. Qc1 {[%clk 1:27:52]} Re8
{[%clk 1:24:22]} 11. Bh6 {[%clk 1:28:15]} Bh8 {[%clk 1:24:48]} 12. Re1
{[%clk 1:24:56]} Bb7 {[%clk 1:23:25]} 13. Nbd2 {[%clk 1:24:32]} Nd7
{[%clk 1:23:25]} 14. Nf1 {[%clk 1:21:25]} b4 {[%clk 1:23:37]} 15. Qc2
{[%clk 1:16:00]} a5 {[%clk 1:16:17]} 16. a4 {[%clk 1:14:55]} Rc8 {[%clk 1:15:07]}
17. Ne3 {[%clk 1:14:39]} e6 {[%clk 1:15:32]} 18. Nc4 {[%clk 1:12:33]} Nb6
{[%clk 1:15:30]} 19. Bg5 {[%clk 1:07:57]} Qc7 {[%clk 1:15:46]} 20. Nfd2
{[%clk 1:05:51]} Ba6 {[%clk 1:15:10]} 21. Rab1 {[%clk 1:03:25]} Rb8
{[%clk 1:14:11]} 22. Nxb6 {[%clk 1:01:48]} Rxb6 {[%clk 1:14:27]} 23. Nf3
{[%clk 0:55:59]} bxc3 {[%clk 1:13:44]} 24. bxc3 {[%clk 0:56:13]} Reb8
{[%clk 1:14:10]} 25. Nd2 {[%clk 0:52:56]} Ne5 {[%clk 1:11:07]} 26. Bf1
{[%clk 0:53:07]} Rxb1 {[%clk 1:03:17]} 27. Rxb1 {[%clk 0:53:26]} Rxb1
{[%clk 1:03:45]} 28. Qxb1 {[%clk 0:53:35]} Qb7 {[%clk 1:04:11]} 29. Qxb7
{[%clk 0:48:16]} Bxb7 {[%clk 1:04:37]} 30. Be7 {[%clk 0:48:41]} Nd7
{[%clk 0:59:27]} 31. Bxd6 {[%clk 0:46:20]} Bxc3 {[%clk 0:59:53]} 32. Nc4
{[%clk 0:46:16]} Bc6 {[%clk 0:54:09]} 33. Bc7 {[%clk 0:46:28]} Bxa4
{[%clk 0:54:36]} 34. Bxa5 {[%clk 0:46:41]} Bd4 {[%clk 0:55:01]} 35. Kg2
{[%clk 0:40:59]} Nb8 {[%clk 0:54:24]} 36. Nd2 {[%clk 0:32:27]} Nc6
{[%clk 0:54:42]} 37. Bb6 {[%clk 0:32:51]} Bd1 {[%clk 0:55:03]} 38. Bc7
{[%clk 0:32:34]} Bc3 {[%clk 0:51:29]} 39. Nc4 {[%clk 0:31:47]} f6
{[%clk 0:47:54]} 40. Ne3 {[%clk 0:27:48]} Ba4 {[%clk 0:48:20]} 41. Be2
{[%clk 0:27:38]} Nb4 {[%clk 0:48:20]} 42. f4 {[%clk 0:24:57]} Bd4
{[%clk 0:48:28]} 43. Kf3 {[%clk 0:25:04]} Kf7 {[%clk 0:48:53]} 44. g4
{[%clk 0:23:36]} f5 {[%clk 0:47:23]} 45. gxf5 {[%clk 0:23:02]} gxf5
{[%clk 0:47:24]} 46. Bd6 {[%clk 0:20:34]} Bb5 {[%clk 0:37:29]} 47. Nc4
{[%clk 0:20:34]} Nc2 {[%clk 0:36:21]} 48. exf5 {[%clk 0:19:03]} exf5
{[%clk 0:36:46]} 49. Kg3 {[%clk 0:19:19]} Ke6 {[%clk 0:36:53]} 50. Bf8
{[%clk 0:18:24]} Nb4 {[%clk 0:36:26]} 51. h4 {[%clk 0:16:33]} Nd5
{[%clk 0:29:58]} 52. Bd1 {[%clk 0:14:26]} Nf6 {[%clk 0:24:28]} 53. Bf3
{[%clk 0:12:44]} Be8 {[%clk 0:22:52]} 54. Bg7 {[%clk 0:10:56]} Ba4
{[%clk 0:22:22]} 55. Bf8 {[%clk 0:11:03]} Bc2 {[%clk 0:20:58]} 56. Ne5
{[%clk 0:10:27]} Bxe5 {[%clk 0:13:47]} 57. fxe5 {[%clk 0:10:51]} Nd7
{[%clk 0:14:15]} 58. Bd6 {[%clk 0:11:13]} Bxd3 {[%clk 0:14:42]} 59. Kf4
{[%clk 0:11:35]} c4 {[%clk 0:15:11]} 60. Bc6 {[%clk 0:11:23]} c3 {[%clk 0:13:21]}
61. Bxd7+ {[%clk 0:11:03]} Kxd7 {[%clk 0:13:47]} 62. Ba3 {[%clk 0:08:54]} Ke6
{[%clk 0:12:26]} 63. Ke3 {[%clk 0:09:05]} Bb5 {[%clk 0:11:15]} 64. Kd4
{[%clk 0:09:22]} f4 {[%clk 0:09:43]} 65. Ke4 {[%clk 0:09:40]} Bd7
{[%clk 0:09:40]} 66. Bb4 {[%clk 0:07:30]} c2 {[%clk 0:08:11]} 67. Bd2
{[%clk 0:07:49]} f3 {[%clk 0:07:58]} 68. Kxf3 {[%clk 0:08:13]} Kd5
{[%clk 0:08:26]} 69. Ke3 {[%clk 0:06:59]} Kc4 {[%clk 0:08:52]} 70. Ke4
{[%clk 0:06:58]} Be6 {[%clk 0:09:06]} 71. Bc1 {[%clk 0:07:12]} Kc3
{[%clk 0:09:33]} 72. Kf4 {[%clk 0:07:09]} 1/2-1/2

[Event "TICF 2024"]
[Site "Famalicao"]
[Date "2024.07.27"]
[Round "8.3"]
[White "Vladimir, Petkov"]
[Black "Alex, Garrido Outon"]
[Result "0-1"]
[BlackElo "2403"]
[WhiteElo "2417"]
[LiveChessVersion "1.4.8"]

1. d4 Nf6 2. c4 c5 3. d5 e6 4. Nc3 exd5 5. cxd5 d6 6. e4 g6 7. Bd3 Bg7 8. h3 O-O
9. Nge2 Re8 10. O-O Nbd7 11. Bg5 Rb8 12. f4 c4 13. Bc2 b5 14. a3 a5 15. Kh1 b4
16. axb4 axb4 17. Na4 Qc7 18. Ng3 h6 19. Bh4 b3 20. Bb1 Ra8 21. Ra3 Ra5 22. Qf3
Ba6 23. Ne2 Nb6 24. Nxb6 Rxa3 25. Nc3 Ra1 26. e5 Nh7 27. Bf2 dxe5 28. Rd1 Bb7 29.
f5 e4 30. Nxe4 Qe5 31. Nxc4 Qxf5 32. Qxf5 gxf5 33. Ned6 Re7 34. Nxf5 Re2 35. Bg3
Nf6 36. Nce3 Nxd5 37. Bf4 Rxb1 0-1

[Event "TICF 2024"]
[Site "Famalicao"]
[Date "2024.07.27"]
[Round "8.4"]
[White "Daniel, Campora"]
[Black "Yaniela, Forgas Moreno"]
[Result "1-0"]
[BlackElo "2234"]
[WhiteElo "2351"]
[LiveChessVersion "1.4.8"]

1. e4 {[%clk 1:29:07]} c5 {[%clk 1:30:45]} 2. f4 {[%clk 1:29:22]} d5
{[%clk 1:31:01]} 3. d3 {[%clk 1:29:42]} Nc6 {[%clk 1:30:19]} 4. Nf3
{[%clk 1:27:46]} Bg4 {[%clk 1:25:27]} 5. h3 {[%clk 1:27:23]} Bxf3
{[%clk 1:25:37]} 6. Qxf3 {[%clk 1:27:48]} e6 {[%clk 1:16:55]} 7. c3
{[%clk 1:27:28]} h5 {[%clk 1:16:29]} 8. g3 {[%clk 1:27:33]} h4 {[%clk 1:13:46]}
9. g4 {[%clk 1:27:51]} dxe4 {[%clk 1:12:30]} 10. dxe4 {[%clk 1:28:09]} g5
{[%clk 1:09:35]} 11. Bb5 {[%clk 1:25:16]} Qb6 {[%clk 1:06:49]} 12. Na3
{[%clk 1:25:14]} O-O-O {[%clk 1:02:08]} 13. O-O {[%clk 1:23:28]} gxf4
{[%clk 0:52:06]} 14. Bxf4 {[%clk 1:23:42]} Be7 {[%clk 0:38:28]} 15. Rad1
{[%clk 1:19:21]} Rxd1 {[%clk 0:35:19]} 16. Rxd1 {[%clk 1:19:09]} c4+
{[%clk 0:34:05]} 17. Be3 {[%clk 1:18:04]} Bc5 {[%clk 0:30:48]} 18. Bxc5
{[%clk 1:17:19]} Qxc5+ {[%clk 0:31:14]} 19. Qf2 {[%clk 1:17:22]} Qxf2+
{[%clk 0:31:09]} 20. Kxf2 {[%clk 1:17:48]} Nge7 {[%clk 0:25:06]} 21. Nxc4
{[%clk 1:16:38]} Kc7 {[%clk 0:22:42]} 22. Bxc6 {[%clk 1:15:56]} Nxc6
{[%clk 0:21:40]} 23. a4 {[%clk 1:16:04]} b6 {[%clk 0:20:19]} 24. Ke3
{[%clk 1:13:45]} a6 {[%clk 0:19:10]} 25. Kf4 {[%clk 1:13:01]} f6 {[%clk 0:18:42]}
26. b4 {[%clk 1:10:14]} b5 {[%clk 0:14:01]} 27. axb5 {[%clk 1:10:17]} axb5
{[%clk 0:14:28]} 28. Na3 {[%clk 1:10:54]} Kb6 {[%clk 0:14:33]} 29. Nc2
{[%clk 1:00:47]} Ra8 {[%clk 0:13:45]} 30. Ra1 {[%clk 0:55:47]} Rd8
{[%clk 0:13:17]} 31. Ke3 {[%clk 0:56:10]} Ne5 {[%clk 0:11:56]} 32. Nd4
{[%clk 0:56:32]} Rc8 {[%clk 0:11:38]} 33. Kd2 {[%clk 0:54:19]} Nc4+
{[%clk 0:11:05]} 34. Kc2 {[%clk 0:53:23]} e5 {[%clk 0:10:58]} 35. Ne6
{[%clk 0:50:45]} Rc6 {[%clk 0:07:11]} 36. Nc5 {[%clk 0:50:40]} Ne3+
{[%clk 0:07:28]} 37. Kb3 {[%clk 0:50:19]} Ng2 {[%clk 0:07:41]} 38. Ra6+
{[%clk 0:50:30]} Kc7 {[%clk 0:08:06]} 39. Ra7+ {[%clk 0:50:41]} Kc8
{[%clk 0:08:18]} 40. Rh7 {[%clk 0:47:34]} Ne3 {[%clk 0:07:13]} 41. Rxh4
{[%clk 0:47:05]} Rd6 {[%clk 0:07:39]} 42. Rh7 {[%clk 0:44:59]} Rd2
{[%clk 0:07:04]} 43. Rb7 {[%clk 0:45:01]} Rh2 {[%clk 0:05:49]} 44. Rxb5
{[%clk 0:44:57]} Rxh3 {[%clk 0:06:15]} 45. Rb6 {[%clk 0:44:34]} Nxg4
{[%clk 0:05:53]} 46. b5 {[%clk 0:44:45]} Rh1 {[%clk 0:05:47]} 47. Rc6+
{[%clk 0:44:54]} Kb8 {[%clk 0:05:13]} 48. b6 {[%clk 0:45:16]} Rb1+
{[%clk 0:04:58]} 49. Kc2 {[%clk 0:45:30]} Rb5 {[%clk 0:05:07]} 50. c4
{[%clk 0:45:17]} Rxc5 {[%clk 0:04:40]} 51. Rxc5 {[%clk 0:45:42]} Nf2
{[%clk 0:05:08]} 52. Rc7 {[%clk 0:45:27]} Nxe4 {[%clk 0:05:01]} 53. c5
{[%clk 0:45:50]} f5 {[%clk 0:04:38]} 54. c6 {[%clk 0:46:09]} 1-0

[Event "TICF 2024"]
[Site "Famalicao"]
[Date "2024.07.27"]
[Round "8.5"]
[White "Gustavo, Ribeiro"]
[Black "Tomas, Santos"]
[Result "1/2-1/2"]
[BlackElo "1949"]
[WhiteElo "2256"]
[LiveChessVersion "1.4.8"]

1. e4 c5 2. Nf3 d6 3. h3 Nf6 4. c3 g6 5. Bd3 Bg7 6. Bc2 O-O 7. d4 cxd4 8. cxd4 d5
9. e5 Ne4 10. O-O Nc6 11. Nbd2 Bf5 12. Re1 Nxd2 13. Bxd2 Bxc2 14. Qxc2 e6 15. Bg5
Qb6 16. Qd2 Qb4 17. Qf4 Rfc8 18. Bf6 Bf8 19. h4 Qxb2 20. Rab1 Qc2 21. h5 Qf5 22.
Qxf5 gxf5 23. Rxb7 Rab8 24. Rd7 Bh6 25. Re2 Kf8 26. Rc2 Ke8 27. Rxc6 Rxc6 28.
Re7+ Kf8 29. Rxa7 Rcc8 30. Bg5 Kg7 31. Bf6+ Kg8 32. Ng5 Bxg5 33. Bxg5 Ra8 34. Rb7
Ra4 35. Be3 f4 36. Bxf4 Rxd4 37. Bh6 Rh4 38. Rb3 Kh8 39. Rg3 Rxh5 40. Bg7+ Kg8
41. Bh6+ Kh8 42. Bg7+ 1/2-1/2

[Event "TICF 2024"]
[Site "Famalicao"]
[Date "2024.07.27"]
[Round "8.6"]
[White "Galvan Cipriani, Viviana"]
[Black "Fernando, Ribeiro"]
[Result "1-0"]
[BlackElo "2158"]
[WhiteElo "2081"]
[LiveChessVersion "1.4.8"]

1. c4 e5 2. Nc3 Bb4 3. Nd5 Na6 4. Nxb4 Nxb4 5. g3 Nf6 6. Bg2 O-O 7. d3 Re8 8. e3
a5 9. Ne2 d6 10. a3 Nc6 11. O-O Be6 12. b3 Qd7 13. Bb2 Bh3 14. e4 Bg4 15. f3 Bh3
16. Qd2 Bxg2 17. Kxg2 Qe7 18. f4 Nd7 19. f5 f6 20. g4 Nc5 21. Qc2 a4 22. b4 Nb3
23. Rae1 Nbd4 24. Bxd4 Nxd4 25. Nxd4 exd4 26. Qf2 Qe5 27. h4 c6 28. Rg1 b5 29.
Rc1 bxc4 30. Rxc4 c5 31. Rgc1 Rec8 32. Kf3 Rab8 33. Qc2 d5 34. Rxc5 Rxc5 35. Qxc5
dxe4+ 36. dxe4 Qh2 37. Qc7 Qh3+ 38. Qg3 Qxg3+ 39. Kxg3 Rd8 40. Kf3 h5 41. gxh5
Kh7 42. Ke2 Kh6 43. Kd3 Kxh5 44. Rc7 g5 45. fxg6 Kxg6 46. Rc5 Rd7 47. Ra5 1-0

[Event "TICF 2024"]
[Site "Famalicao"]
[Date "2024.07.27"]
[Round "8.7"]
[White "Almeida, Joao"]
[Black "Raquel, Duque"]
[Result "1-0"]
[BlackElo "1892"]
[WhiteElo "2012"]
[LiveChessVersion "1.4.8"]

1. Nf3 Nf6 2. b3 d5 3. Bb2 Bf5 4. g3 e6 5. Bg2 Bd6 6. d4 O-O 7. O-O Nbd7 8. Nbd2
h6 9. c4 c6 10. Re1 Ne4 11. Nxe4 Bxe4 12. Nd2 Bxg2 13. Kxg2 f5 14. Nf3 Qf6 15.
Qc1 Rae8 16. Ba3 Qe7 17. Bxd6 Qxd6 18. Qf4 Qe7 19. h4 Nf6 20. Ne5 Qc7 21. c5 Kh7
22. b4 Nd7 23. Ng6 Qxf4 24. Nxf8+ Rxf8 25. gxf4 b6 26. a4 bxc5 27. bxc5 Nf6 28.
f3 Nh5 29. e3 Rf6 30. Kf2 1-0

[Event "TICF 2024"]
[Site "Famalicao"]
[Date "2024.07.27"]
[Round "8.8"]
[White "Zhang, Xin An"]
[Black "Kevin, Spraggett"]
[Result "0-1"]
[BlackElo "2440"]
[WhiteElo "1855"]
[LiveChessVersion "1.4.8"]

1. d4 {[%clk 1:30:52]} d5 {[%clk 1:30:41]} 2. Nf3 {[%clk 1:31:13]} c5
{[%clk 1:30:40]} 3. dxc5 {[%clk 1:29:21]} Nc6 {[%clk 1:30:40]} 4. e3
{[%clk 1:20:01]} e6 {[%clk 1:27:18]} 5. c4 {[%clk 1:20:13]} Bxc5 {[%clk 1:27:31]}
6. Nc3 {[%clk 1:19:52]} Nf6 {[%clk 1:27:20]} 7. Bd3 {[%clk 1:19:10]} O-O
{[%clk 1:26:51]} 8. O-O {[%clk 1:18:19]} dxc4 {[%clk 1:21:30]} 9. Bxc4
{[%clk 1:18:25]} a6 {[%clk 1:21:54]} 10. a3 {[%clk 1:15:30]} b5 {[%clk 1:21:44]}
11. Bd3 {[%clk 1:15:54]} Bb7 {[%clk 1:21:38]} 12. b4 {[%clk 1:16:14]} Bd6
{[%clk 1:19:26]} 13. Bb2 {[%clk 1:14:36]} Ne5 {[%clk 1:17:15]} 14. Nxe5
{[%clk 1:03:07]} Bxe5 {[%clk 1:17:40]} 15. Rc1 {[%clk 1:03:18]} Rc8
{[%clk 1:15:57]} 16. Qe2 {[%clk 1:01:34]} Bb8 {[%clk 0:56:51]} 17. e4
{[%clk 0:58:48]} Qd6 {[%clk 0:50:45]} 18. f4 {[%clk 0:57:25]} e5 {[%clk 0:45:05]}
19. Nd1 {[%clk 0:25:34]} Ba7+ {[%clk 0:31:39]} 20. Kh1 {[%clk 0:25:29]} Bd4
{[%clk 0:32:02]} 21. Rxc8 {[%clk 0:19:29]} Rxc8 {[%clk 0:32:22]} 22. fxe5
{[%clk 0:18:55]} Bxe5 {[%clk 0:32:44]} 23. Nf2 {[%clk 0:12:41]} Re8
{[%clk 0:30:23]} 24. Rd1 {[%clk 0:11:20]} Qb8 {[%clk 0:28:56]} 25. Bxe5
{[%clk 0:05:06]} Qxe5 {[%clk 0:29:08]} 26. Ng4 {[%clk 0:05:17]} Nxg4
{[%clk 0:29:23]} 27. Qxg4 {[%clk 0:05:42]} g6 {[%clk 0:29:23]} 28. h3
{[%clk 0:03:51]} Kg7 {[%clk 0:27:33]} 29. Bb1 {[%clk 0:03:18]} Bxe4
{[%clk 0:25:45]} 30. Bxe4 {[%clk 0:02:48]} Qxe4 {[%clk 0:26:14]} 31. Qxe4
{[%clk 0:01:58]} Rxe4 {[%clk 0:26:43]} 32. Rd6 {[%clk 0:02:09]} Re6
{[%clk 0:27:07]} 33. Rd3 {[%clk 0:02:26]} h5 {[%clk 0:26:03]} 34. g3
{[%clk 0:01:56]} g5 {[%clk 0:22:55]} 35. Kg2 {[%clk 0:01:51]} f6 {[%clk 0:22:50]}
36. Kf3 {[%clk 0:02:05]} Kg6 {[%clk 0:23:12]} 37. Rc3 {[%clk 0:01:08]} f5
{[%clk 0:21:17]} 38. g4 {[%clk 0:00:41]} f4 {[%clk 0:07:22]} 39. Rd3
{[%clk 0:00:50]} h4 {[%clk 0:07:40]} 40. Rc3 {[%clk 0:01:05]} Kf6
{[%clk 0:08:04]} 41. Rd3 {[%clk 0:00:52]} Ke5 {[%clk 0:05:26]} 42. Rd1
{[%clk 0:00:48]} Rc6 {[%clk 0:04:21]} 43. Re1+ {[%clk 0:01:03]} Kf6
{[%clk 0:04:42]} 44. Rd1 {[%clk 0:00:34]} Rc3+ {[%clk 0:05:06]} 45. Ke4
{[%clk 0:00:54]} Re3+ {[%clk 0:04:50]} 46. Kd5 {[%clk 0:01:16]} Rxh3
{[%clk 0:04:47]} 47. Rc1 {[%clk 0:01:34]} Rd3+ {[%clk 0:04:45]} 48. Ke4
{[%clk 0:01:54]} Rd6 {[%clk 0:04:21]} 49. Rc5 {[%clk 0:01:44]} Re6+
{[%clk 0:03:52]} 50. Kf3 {[%clk 0:02:08]} h3 {[%clk 0:04:05]} 0-1

[Event "TICF 2024"]
[Site "Famalicao"]
[Date "2024.07.27"]
[Round "8.9"]
[White "Andre, Ventura Sousa"]
[Black "Patino Romaris, Juan Roberto"]
[Result "1-0"]
[BlackElo "2014"]
[WhiteElo "2431"]
[LiveChessVersion "1.4.8"]

1. e4 e6 2. d4 d5 3. e5 c5 4. c3 Qb6 5. Nf3 Nc6 6. Bd3 cxd4 7. O-O Bd7 8. Re1 Nh6
9. h3 Nf5 10. Bxf5 exf5 11. cxd4 h6 12. Nc3 Be6 13. h4 g6 14. Na4 Qb5 15. Be3 Be7
16. Nc5 Bxc5 17. dxc5 Qxb2 18. Rb1 Qxa2 19. Rxb7 Kf8 20. Rc7 Rc8 21. Rxc8+ Bxc8
22. e6 Bxe6 23. Nd4 Qa6 24. Nxc6 Qxc6 25. Qd4 Rh7 26. Bf4 g5 27. Bd6+ Kg8 28. Qf6
gxh4 29. Qd8+ Kg7 30. Be5+ f6 31. Qxf6+ Kg8 32. Qg6+ 1-0

[Event "TICF 2024"]
[Site "Famalicao"]
[Date "2024.07.27"]
[Round "8.10"]
[White "Ana Ines, Silva"]
[Black "Cristian, Silva Lucena"]
[Result "1-0"]
[BlackElo "2346"]
[WhiteElo "1964"]
[LiveChessVersion "1.4.8"]

1. e4 {[%clk 1:30:57]} e5 {[%clk 1:30:45]} 2. Nf3 {[%clk 1:31:20]} Nc6
{[%clk 1:31:05]} 3. d4 {[%clk 1:30:54]} exd4 {[%clk 1:31:22]} 4. Bc4
{[%clk 1:31:12]} Nf6 {[%clk 1:31:29]} 5. e5 {[%clk 1:31:23]} d5 {[%clk 1:31:51]}
6. Bb5 {[%clk 1:31:39]} Ne4 {[%clk 1:32:14]} 7. Nxd4 {[%clk 1:31:44]} Bc5
{[%clk 1:32:42]} 8. Be3 {[%clk 1:31:04]} O-O {[%clk 1:33:00]} 9. Nxc6
{[%clk 1:29:23]} bxc6 {[%clk 1:33:28]} 10. Bxc5 {[%clk 1:28:55]} Nxc5
{[%clk 1:33:55]} 11. Bxc6 {[%clk 1:28:13]} Rb8 {[%clk 1:34:24]} 12. Qxd5
{[%clk 1:25:08]} Qe7 {[%clk 1:34:51]} 13. O-O {[%clk 1:23:22]} Rxb2
{[%clk 1:35:11]} 14. Nc3 {[%clk 1:21:04]} Rxc2 {[%clk 1:35:38]} 15. Qd4
{[%clk 1:14:18]} Ne6 {[%clk 1:35:49]} 16. Qd3 {[%clk 1:14:13]} Rb2
{[%clk 1:36:17]} 17. Nd5 {[%clk 0:59:44]} Qc5 {[%clk 1:36:44]} 18. Rac1
{[%clk 0:48:10]} Qd4 {[%clk 1:37:11]} 19. Qg3 {[%clk 0:42:27]} Rxa2
{[%clk 1:25:29]} 20. Rcd1 {[%clk 0:24:49]} Qc5 {[%clk 1:15:53]} 21. Rc1
{[%clk 0:22:52]} Qd4 {[%clk 1:08:27]} 22. Rcd1 {[%clk 0:14:51]} Rd2
{[%clk 1:08:15]} 23. Rxd2 {[%clk 0:06:36]} Qxd2 {[%clk 1:08:36]} 24. Ne7+
{[%clk 0:04:47]} Kh8 {[%clk 1:08:55]} 25. Bf3 {[%clk 0:03:44]} a5
{[%clk 1:07:31]} 26. Rd1 {[%clk 0:03:16]} Qc2 {[%clk 1:07:59]} 27. h4
{[%clk 0:02:59]} a4 {[%clk 1:07:39]} 28. Ra1 {[%clk 0:01:44]} Bd7
{[%clk 1:01:18]} 29. Bg4 {[%clk 0:01:26]} Rb8 {[%clk 0:59:22]} 30. Bf5
{[%clk 0:01:20]} Qc5 {[%clk 0:58:26]} 31. Qa3 {[%clk 0:01:00]} Qxe5
{[%clk 0:57:56]} 32. Rd1 {[%clk 0:01:00]} Be8 {[%clk 0:57:21]} 33. Bc2
{[%clk 0:00:53]} g6 {[%clk 0:57:05]} 34. Nd5 {[%clk 0:00:50]} Nd4
{[%clk 0:56:49]} 35. Qf8# {[%clk 0:01:11]} 1-0

[Event "TICF 2024"]
[Site "Famalicao"]
[Date "2024.07.27"]
[Round "8.11"]
[White "Jose, Garcia Molina"]
[Black "Jose, Silva"]
[Result "1-0"]
[BlackElo "1920"]
[WhiteElo "2229"]
[LiveChessVersion "1.4.8"]

1. Nf3 {[%clk 1:30:46]} Nf6 {[%clk 1:30:46]} 2. b3 {[%clk 1:30:59]} c5
{[%clk 1:25:35]} 3. c4 {[%clk 1:27:48]} Nc6 {[%clk 1:22:29]} 4. Bb2
{[%clk 1:28:07]} e6 {[%clk 1:22:51]} 5. e3 {[%clk 1:26:35]} a6 {[%clk 1:12:33]}
6. Nc3 {[%clk 1:17:17]} d5 {[%clk 0:59:45]} 7. cxd5 {[%clk 1:17:23]} Nxd5
{[%clk 0:58:21]} 8. Ne4 {[%clk 1:09:19]} b6 {[%clk 0:50:48]} 9. a3
{[%clk 1:04:34]} Bb7 {[%clk 0:44:45]} 10. Qb1 {[%clk 0:54:17]} Qc7
{[%clk 0:29:43]} 11. Bc4 {[%clk 0:50:54]} b5 {[%clk 0:18:24]} 12. Be2
{[%clk 0:48:58]} f6 {[%clk 0:17:24]} 13. O-O {[%clk 0:46:19]} Rc8
{[%clk 0:13:38]} 14. Rc1 {[%clk 0:38:34]} Qb6 {[%clk 0:09:34]} 15. d4
{[%clk 0:34:21]} cxd4 {[%clk 0:08:20]} 16. Nxd4 Nxd4 {[%clk 0:03:06]} 17. Bh5+
{[%clk 0:34:39]} g6 {[%clk 0:01:35]} 18. Bxd4 {[%clk 0:16:15]} Rxc1+ 19. Qxc1
{[%clk 0:16:37]} Qd8 {[%clk 0:02:03]} 20. Bf3 {[%clk 0:16:22]} Be7
{[%clk 0:01:53]} 21. Qb2 {[%clk 0:15:46]} O-O {[%clk 0:01:55]} 22. Rd1
{[%clk 0:15:23]} Qc7 {[%clk 0:02:05]} 23. Rc1 {[%clk 0:14:34]} Qd7
{[%clk 0:01:50]} 24. h3 {[%clk 0:13:54]} Kf7 {[%clk 0:01:16]} 25. b4
{[%clk 0:12:31]} Rc8 {[%clk 0:00:58]} 26. Bc5 {[%clk 0:12:39]} f5
{[%clk 0:00:43]} 27. Ng3 {[%clk 0:12:20]} Bf6 {[%clk 0:01:04]} 28. Qd2
{[%clk 0:12:47]} Rd8 {[%clk 0:01:17]} 29. Rd1 {[%clk 0:10:52]} Qc7
{[%clk 0:01:27]} 30. Qc2 {[%clk 0:10:24]} Rc8 {[%clk 0:01:15]} 31. e4
{[%clk 0:08:02]} Nc3 {[%clk 0:00:52]} 32. Re1 {[%clk 0:08:06]} f4
{[%clk 0:00:41]} 33. Ne2 {[%clk 0:08:23]} Na4 {[%clk 0:01:01]} 34. Qd2
{[%clk 0:05:41]} Rd8 {[%clk 0:00:36]} 35. Qc1 {[%clk 0:05:03]} Nxc5
{[%clk 0:00:51]} 36. bxc5 {[%clk 0:05:29]} e5 {[%clk 0:00:59]} 37. Qc2
{[%clk 0:05:13]} Be7 {[%clk 0:01:05]} 38. Rc1 {[%clk 0:05:18]} Rc8
{[%clk 0:01:19]} 39. Bg4 {[%clk 0:05:22]} Rd8 {[%clk 0:01:41]} 40. Qb3+
{[%clk 0:04:37]} Kg7 {[%clk 0:01:55]} 41. Qc3 {[%clk 0:05:04]} Kf8
{[%clk 0:01:24]} 42. Be6 {[%clk 0:04:28]} Bxe4 {[%clk 0:01:28]} 43. Ba2
{[%clk 0:03:34]} Rd3 {[%clk 0:00:38]} 44. Qb2 {[%clk 0:03:45]} Qc6
{[%clk 0:00:45]} 45. Nxf4 {[%clk 0:04:12]} Rd7 {[%clk 0:00:33]} 46. Ne6+
{[%clk 0:04:15]} Ke8 {[%clk 0:00:49]} 47. Qxe5 {[%clk 0:04:42]} Rd2
{[%clk 0:00:40]} 48. Re1 {[%clk 0:04:19]} Rxa2 {[%clk 0:00:49]} 49. Rxe4
{[%clk 0:04:30]} Kd7 {[%clk 0:00:49]} 50. Rd4+ {[%clk 0:02:37]} Kc8
{[%clk 0:00:43]} 51. Rd1 {[%clk 0:02:04]} Rxa3 {[%clk 0:00:39]} 52. g3
{[%clk 0:01:41]} b4 {[%clk 0:00:51]} 53. Qh8+ {[%clk 0:02:02]} Kb7
{[%clk 0:01:02]} 54. Nd8+ {[%clk 0:04:26]} Bxd8 {[%clk 0:01:28]} 55. Qxd8
{[%clk 0:04:52]} a5 {[%clk 0:01:24]} 56. Kh2 {[%clk 0:02:21]} Qxc5
{[%clk 0:01:03]} 57. Rd7+ {[%clk 0:02:48]} Ka6 {[%clk 0:00:54]} 58. Qa8+
{[%clk 0:03:11]} Kb6 {[%clk 0:01:18]} 59. Qb7# {[%clk 0:03:21]} 1-0